000
00320nam a2200133Ia 4500
008
231129s1962||||xx |||||||||||||| ||spa||
040
_b
spa
082
_a
Co864 J37l
100
_a
Jaramillo Angel Humberto
245
0
_a
Letras y letrados : Ensayos
260
_c
1962
264
_a
Imprenta Oficial
942
_2
ddc
_c
BKS
999
_c
19156
_d
19156